| 000 | 00607cam a22001934a 4500 | ||
|---|---|---|---|
| 005 | 20250605164022.0 | ||
| 008 | 250528s ||||||||||||||||||||||||d | ||
| 035 | _a16390 | ||
| 020 | _a297769162 | ||
| 040 |
_aGR-AtMCL _bgre _dGR-AtMCL _eAACR2 |
||
| 245 | 1 | _aJapan / Divided Politics in a Growth Economy | |
| 260 |
_bWeidenfeld And Nicolson, _c1975 |
||
| 300 | _a296 | ||
| 520 | _aThis book encompasses Japanese Politics as a whole, balancing institutional description with analysis of the political process. | ||
| 700 | 1 |
_aStockwin J. A. A _92484 |
|
| 942 | _cBK | ||
| 999 |
_c1895 _d1895 |
||